Comedia y tragedia, Jacques Callot, 1592-1635 / (Record no. 47793)

MARC details
000 -LEADER
campo de control de longitud fija 01191nam a2200289 i 4500
001 - NÚMERO DE CONTROL
campo de control 47793
003 - IDENTIFICADOR DE NÚMERO DE CONTROL
campo de control ES-MaACL
005 - FECHA Y HORA DE LA ÚLTIMA TRANSACCIÓN
campo de control 20250817075548.0
007 - CAMPO FIJO DE DESCRIPCIÓN FÍSICA--INFORMACIÓN GENERAL
campo de control de longitud fija t|
008 - DATOS DE LONGITUD FIJA--INFORMACIÓN GENERAL
campo de control de longitud fija 030528s2001 sp ||||0| spa j
020 ## - NÚMERO INTERNACIONAL ESTÁNDAR DEL LIBRO
Número Internacional Estándar del Libro 84-87181-80-5
040 ## - FUENTE DE CATALOGACIÓN
Centro catalogador/agencia de origen M-BN
Lengua de catalogación spa
Centro/agencia transcriptor M-BN
080 ## - NÚMERO DE LA CLASIFICACIÓN DECIMAL UNIVERSAL
Número de la Clasificación Decimal Universal 76 Callot, Jacques (083.824)
100 1# - ENTRADA PRINCIPAL--NOMBRE DE PERSONA
Nombre de persona Callot, Jacques (
Fechas asociadas al nombre 1592-1635)
9 (RLIN) 33759
245 10 - MENCIÓN DEL TÍTULO
Título Comedia y tragedia, Jacques Callot, 1592-1635 /
Mención de responsabilidad, etc. [organizada por] Calcografía Nacional, Real Academia de Bellas Artes de San Fernando, Philip Morris Spain.
260 ## - PUBLICACIÓN, DISTRIBUCIÓN, ETC.
Lugar de publicación, distribución, etc. [Madrid] :
Nombre del editor, distribuidor, etc. Calcografía Nacional,
Fecha de publicación, distribución, etc. [2001]
300 ## - DESCRIPCIÓN FÍSICA
Extensión 133 p. :
Otras características físicas il. ;
Dimensiones 25 cm.
500 ## - NOTA GENERAL
Nota general Exposición: Museo de la Pasión, Fundación Municipal de Cultura, Valladolid, 29 noviembre 2001-13 enero 2002; Calcografía Nacional, Madrid, 14 febrero-17 marzo 2002.
504 ## - NOTA DE BIBLIOGRAFÍA, ETC.
Nota de bibliografía, etc. Bibliografía: p. 117-118.
600 14 - PUNTO DE ACCESO ADICIONAL DE MATERIA--NOMBRE DE PERSONA
Nombre de persona Callot, Jacques (
Fechas asociadas al nombre 1592-1635)-
Subdivisión de forma Exposiciones.
9 (RLIN) 33760
655 #7 - TERMINO DE INDIZACIÓN--GENERO/FORMA
Fuente del término tgfbne
9 (RLIN) 193628
Datos o término principal de género/forma Catálogos de exposiciones
710 2# - ENTRADA AGREGADA--NOMBRE DE ENTIDAD CORPORATIVA
Nombre de entidad corporativa o nombre de jurisdicción como elemento de entrada Museo de la Pasión (Valladolid)
9 (RLIN) 5856
710 2# - ENTRADA AGREGADA--NOMBRE DE ENTIDAD CORPORATIVA
Nombre de entidad corporativa o nombre de jurisdicción como elemento de entrada Calcografía Nacional (España)
9 (RLIN) 2350
852 ## - LOCALIZACIÓN
Ubicación ES-MaACL
Número de control de estantería L-26377
Sublocalización o colección R.131449
942 ## - ELEMENTOS DE ENTRADA SECUNDARIOS (KOHA)
Fuente del sistema de clasificación o colocación Clasificación decimal universal
Holdings
Estatus retirado Estado de pérdida Estado de daño No para préstamo Biblioteca de origen Biblioteca actual Ubicación en estantería Fecha de adquisición Fuente de adquisición Total de préstamos Signatura topográfica completa Código de barras Visto por última vez Precio de reemplazo Tipo de ítem Koha
        Biblioteca del Ateneo de Madrid Biblioteca del Ateneo de Madrid Depósito 2 17/01/2008     L-26377 1050296 23/02/2023 23/02/2023 Libro impreso